Loading...
| Social Science | 0 | 7 | 0 | 1 | 70 | 63 | 88.43 | 3 | 7 | 0.00 | 0.00 |
| Science - Chemistry | 0 | 6 | 0 | 0 | 60 | 15 | 60.67 | 5 | 6 | 0.00 | 0.00 |
| Fine Arts - Classical Music | 0 | 6 | 2 | 0 | 50 | 48 | 96.50 | 3 | 6 | 0.00 | 0.00 |
| Fine Arts - Painting and Sculpture | 0 | 6 | 2 | 1 | 50 | 53 | 77.17 | 6 | 6 | 0.00 | 0.00 |
| Science - Other | 0 | 5 | 0 | 0 | 50 | 68 | 90.40 | 3 | 4 | 0.00 | 0.00 |
| Literature - World | 0 | 5 | 1 | 0 | 45 | 59 | 93.80 | 2 | 5 | 0.00 | 0.00 |
| Fine Arts - Other | 0 | 5 | 1 | 1 | 45 | 79 | 107.00 | 1 | 5 | 0.00 | 0.00 |
| Literature - American | 0 | 5 | 2 | 0 | 40 | 100 | 120.00 | 3 | 5 | 0.00 | 0.00 |
| Science - Biology | 0 | 4 | 0 | 1 | 40 | 26 | 56.50 | 4 | 4 | 0.00 | 0.00 |
| Literature - European | 0 | 4 | 2 | 1 | 30 | 81 | 101.00 | 2 | 4 | 0.00 | 0.00 |
| Literature - British | 0 | 4 | 2 | 0 | 30 | 66 | 106.25 | 2 | 4 | 0.00 | 0.00 |
| Philosophy | 0 | 3 | 1 | 1 | 25 | 83 | 115.33 | 1 | 3 | 0.00 | 0.00 |
| History - World | 0 | 2 | 0 | 0 | 20 | 76 | 110.50 | 1 | 2 | 0.00 | 0.00 |
| Religion | 0 | 2 | 0 | 0 | 20 | 121 | 125.00 | 0 | 2 | 0.00 | 0.00 |
| Mythology | 0 | 2 | 1 | 1 | 15 | 100 | 115.00 | 0 | 2 | 0.00 | 0.00 |
| History - American | 0 | 1 | 0 | 0 | 10 | 81 | 81.00 | 0 | 1 | 0.00 | 0.00 |
| Other Academic | 0 | 1 | 0 | 0 | 10 | 93 | 93.00 | 0 | 1 | 0.00 | 0.00 |
| Pop Culture | 0 | 1 | 0 | 0 | 10 | 129 | 129.00 | 0 | 0 | 0.00 | 0.00 |
| Geography | 0 | 1 | 0 | 0 | 10 | 36 | 36.00 | 1 | 1 | 0.00 | 0.00 |
| Science - Physics | 0 | 2 | 2 | 0 | 10 | 59 | 66.00 | 2 | 2 | 0.00 | 0.00 |
| History - Other | 0 | 1 | 0 | 0 | 10 | 32 | 32.00 | 1 | 1 | 0.00 | 0.00 |